Inferno/ (Record no. 78985)
[ view plain ]
| 000 -LEADER | |
|---|---|
| fixed length control field | 00878nam a22002417a 4500 |
| 005 - DATE AND TIME OF LATEST TRANSACTION | |
| control field | 20140526112215.0 |
| 010 ## - LCCN (DPL NO) | |
| LC control number | B-524264 |
| 020 ## - INTERNATIONAL STANDARD BOOK NUMBER | |
| International Standard Book Number | 9780593072493 |
| Terms of availability | 750.00 |
| 035 ## - SYSTEM CONTROL NUMBER | |
| System control number | B-524264 |
| 035 ## - SYSTEM CONTROL NUMBER | |
| System control number | B-529106-110 |
| 037 ## - SOURCE OF ACQUISITION | |
| Source of stock number/acquisition | UBH |
| 037 ## - SOURCE OF ACQUISITION | |
| Source of stock number/acquisition | UBH/Ven |
| Stock number | dpl |
| 082 ## - DEWEY DECIMAL CLASSIFICATION NUMBER | |
| Classification number | N |
| 100 ## - MAIN ENTRY--PERSONAL NAME | |
| Personal name | Brown, Dan |
| 245 ## - TITLE STATEMENT | |
| Title | Inferno/ |
| Statement of responsibility, etc | by Dan Brown |
| 260 ## - PUBLICATION, DISTRIBUTION, ETC. (IMPRINT) | |
| Place of publication, distribution, etc | London |
| Name of publisher, distributor, etc | Bantam Press |
| Date of publication, distribution, etc | 2013 |
| 260 ## - PUBLICATION, DISTRIBUTION, ETC. (IMPRINT) | |
| Place of publication, distribution, etc | U.K. |
| Name of publisher, distributor, etc | Transworld Publishers |
| Date of publication, distribution, etc | 2013 |
| 270 ## - ADDRESS | |
| Address | 61-63 Uxbridge Road, |
| City | London |
| Postal code | W5 5SA |
| 300 ## - PHYSICAL DESCRIPTION | |
| Extent | 461p. |
| Dimensions | 24cm(Hb) |
| 942 ## - ADDED ENTRY ELEMENTS (KOHA) | |
| Source of classification or shelving scheme | Dewey Decimal Classification |
| Item type | English Books |
| Classification part | N |
| Call number suffix | BRO |
| Withdrawn status | Lost status | Not for loan | Collection code | Home library | Current library | Date acquired | Source of acquisition | Cost, normal purchase price | Full call number | Barcode | Copy number | Cost, replacement price | Koha item type |
|---|---|---|---|---|---|---|---|---|---|---|---|---|---|
| Fiction | Bawana | Bawana | 26/05/2014 | UBH/177/07.11.2013/38/10.10.2013/02.12.2013 | 750.00 | N BRO | B-529109 | 1 | 750.00 | English Books | |||
| Fiction | Patel Nagar | Patel Nagar | 26/05/2014 | UBH/177/07.11.2013/38/10.10.2013/02.12.2013 | 750.00 | N BRO | B-529107 | 1 | 750.00 | English Books | |||
| Fiction | Sarojini Nagar | Sarojini Nagar | 31/08/2013 | UBH/041/29.6.13/DPL/ZLS/RP/2013-14/2/262/.24.6.13/10.7.13 | 750.00 | N | B-524264 | 1 | 750.00 | English Books | |||
| Lost and Paid For | Fiction | Sarojini Nagar | Sarojini Nagar | 26/05/2014 | UBH/177/07.11.2013/38/10.10.2013/02.12.2013 | 750.00 | N BRO | B-529106 | 1 | 750.00 | English Books | ||
| Fiction | Sarojini Nagar | Sarojini Nagar | 26/05/2014 | UBH/177/07.11.2013/38/10.10.2013/02.12.2013 | 750.00 | N BRO | B-529108 | 1 | 750.00 | English Books | |||
| Written-off vide DLB M. No. 383 dt 16.05.19 | Fiction | Shahdara Branch | Shahdara Branch | 26/05/2014 | UBH/177/07.11.2013/38/10.10.2013/02.12.2013 | 750.00 | N BRO | B-529110 | 1 | 750.00 | English Books |
